<?xml version="1.0" encoding="UTF-8"?>
<collection xmlns="http://www.loc.gov/MARC21/slim">
  <record>
    <leader>00000nam  2200000   4500</leader>
    <datafield tag="247" ind1="#" ind2="#">
      <subfield code="a"/>
    </datafield>
    <datafield tag="856" ind1="#" ind2="#">
      <subfield code="a"/>
    </datafield>
    <datafield tag="700" ind1=" " ind2="#">
      <subfield code="a"/>
    </datafield>
    <datafield tag="650" ind1=" " ind2="#">
      <subfield code="a">Pelanggaran Kode Etik Hakim</subfield>
    </datafield>
    <datafield tag="650" ind1=" " ind2="#">
      <subfield code="a">Laporan Informasi Publik</subfield>
    </datafield>
    <datafield tag="520" ind1=" " ind2="#">
      <subfield code="a">Proyek perubahan ini bertujuan untuk memberikan pelayanan kepada masyarakat pencari keadilan atas dugaan pelanggaran kode etik dan pedoman perilaku hakim (KEPPH) oleh Hakim diseluruh Indonesia dengan mempercepat proses pelayanan, mempersingkat tahapan penyelesaian, serta dukungan IT/SIPLM untuk memonitor tahapan proses penyelesaian laporan masyarakat/Lapmasy</subfield>
    </datafield>
    <datafield tag="321" ind1="#" ind2="#">
      <subfield code="a"/>
    </datafield>
    <datafield tag="310" ind1="#" ind2="#">
      <subfield code="a"/>
    </datafield>
    <datafield tag="300" ind1="#" ind2="#">
      <subfield code="a">35 hlm. :</subfield>
      <subfield code="b">ill. ;</subfield>
      <subfield code="c">30 cm</subfield>
      <subfield code="e"/>
    </datafield>
    <datafield tag="260" ind1="#" ind2="#">
      <subfield code="a">Jakarta :</subfield>
      <subfield code="b">Pusbangkom Pimnas dan Manajerial ASN. ;</subfield>
      <subfield code="c">2024</subfield>
    </datafield>
    <controlfield tag="001">$a INLIS000000000020888</controlfield>
    <datafield tag="245" ind1="#" ind2="#">
      <subfield code="a">Strategi Percepatan Penyelesaian Laporan Masyarakat Atas Dugaan Pelanggaran Kode Etik dan Pedoman Perilaku Hakim Pada Komisi Yudisial</subfield>
      <subfield code="b"/>
      <subfield code="c">Mulyadi</subfield>
    </datafield>
    <datafield tag="100" ind1=" " ind2="#">
      <subfield code="a">Mulyadi</subfield>
    </datafield>
    <datafield tag="084" ind1="#" ind2="#">
      <subfield code="a">R 0162 PKN II 2024</subfield>
    </datafield>
    <datafield tag="082" ind1="#" ind2="#">
      <subfield code="a"/>
    </datafield>
    <datafield tag="035" ind1="#" ind2="#">
      <subfield code="a">0010-0426000045</subfield>
    </datafield>
    <datafield tag="020" ind1="#" ind2="#">
      <subfield code="a"/>
    </datafield>
    <controlfield tag="008">$a 260427################g##########0#ind##</controlfield>
    <controlfield tag="005">$a 20260427145602</controlfield>
  </record>
</collection>
